| 000 | 00398nam a22001337a 4500 | ||
|---|---|---|---|
| 020 | _a9789695190784 | ||
| 040 | _cNUST | ||
| 082 | _a297 MUZ | ||
| 100 |
_aMuzaffar Iqbal _988711 |
||
| 245 |
_aIslam And Science: _bExplorations In the Fundamental Questions of The Islam and Science Discourse |
||
| 260 |
_aLAHORE: _bSuhail Academy, _c2004. |
||
| 650 |
_aIslam and science. _988919 |
||
| 942 |
_2ddc _cBK |
||
| 999 |
_c587746 _d587746 |
||